00954nam a22002537a 4500003000500000005001700005008004100022010001000063011001000073035001000083040000900093082001600102111009500118245001600213260004700229300002900276490003200305505015200337650004600489650004600535650004400581650004300625830003200668CHAP20220329135059.0971013s1984 r 10010 d a30614 a31586 a35698 cCHAP a681.763bN300aNational Conference on Agricultural Electronics Applications (d1983c: Chicago, Illinois) aProceedings aSt. Joseph, Michigan :bThe Society,c1984 a2 v.b: ilus. ; gráfs. aASAE publicationv; 8, 9-84 aContenido : v.1 Field equipment irrigation and drainage.--v.2 Controlled enviroments livestock production systems materials handling and processing14aAgriculturaxInnovaciones tecnológicas.14aGanaderíaxInnovaciones tecnológicas.14aIrrigaciónxImplementos y maquinaria.14aProductos agrícolasxAlmacenamiento.0 aASAE publicationv; 8, 9-84